Dining Room and Banquet Management (Record no. 786)

MARC details
000 -LEADER
Fixed length control field 00519nam a2200181 4500
003 - CONTROL NUMBER IDENTIFIER
Control field SEACOMMC
005 - DATE AND TIME OF LATEST TRANSACTION
Control field 20250425124915.0
008 - FIXED-LENGTH DATA ELEMENTS--GENERAL INFORMATION
Fixed length control field 241123b |||||||| |||| 00| 0 eng d
020 ## - INTERNATIONAL STANDARD BOOK NUMBER / ISBN
International Standard Book Number 978-14-1805-369-7
Price Rs.400.00
040 ## - CATALOGING SOURCE
Original cataloging agency SEACOMMC
082 ## - DEWEY DECIMAL CLASSIFICATION NUMBER
Classification number 647.95 22
Book Number S 916
100 ## - MAIN ENTRY--PERSONAL NAME
Personal name Strianese, Anthony J
245 1# - TITLE STATEMENT
Title Dining Room and Banquet Management
Statement of responsibility Anthony J. Strianese[and] Pamela P. Strianese.
250 ## - EDITION STATEMENT
Edition statement 3rd ed.
260 ## - IMPRINT
Place of publication New York
Name of publisher Thomson
Date of publication 2008.
650 ## - SUBJECT ADDED ENTRY--TOPICAL TERM
Topical term Hospitality Industry
942 ## - ADDED ENTRY ELEMENTS (KOHA)
Koha item type Books
Holdings
Withdrawn status Lost status Source of classification Damaged status Not for loan Home library Current library Shelving location Date acquired Total Checkouts Call number Accession number Date last seen Price effective from Koha item type Copy number
    Dewey Decimal Classification     SEACOM MANAGEMENT COLLEGE SEACOM MANAGEMENT COLLEGE Reference 20/11/2007   647.95 22 S 916 M-980 23/11/2024 23/11/2024 Books  
    Dewey Decimal Classification     SEACOM MANAGEMENT COLLEGE SEACOM MANAGEMENT COLLEGE   20/11/2007   647.95 22 S 916 M-981 23/11/2024 23/11/2024 Books 1
    Dewey Decimal Classification     SEACOM MANAGEMENT COLLEGE SEACOM MANAGEMENT COLLEGE   20/11/2007   647.95 22 S 916 M-982 23/11/2024 23/11/2024 Books 2
    Dewey Decimal Classification     SEACOM MANAGEMENT COLLEGE SEACOM MANAGEMENT COLLEGE   20/11/2007   647.95 22 S 916 M-983 23/11/2024 23/11/2024 Books 3
    Dewey Decimal Classification     SEACOM MANAGEMENT COLLEGE SEACOM MANAGEMENT COLLEGE   20/11/2007   647.95 22 S 916 M-984 23/11/2024 23/11/2024 Books 4
© Seacom Engineering College, All rights reserved.    Powered by Koha